000
00256 a2200097 4500
001
54969
100
_a
Advani, Suresh G.
245
_a
Process modelling in composites manufacturing
260
_a
NY
_b
Marcel Dekker, NY
_c
2003
090
_c
34060
_d
34060
942
_a
NUST-CAE
_c
MONOGRAPH
_c
26737
999
_c
290042
_d
290042